000 01387cam a22003131 4500
001 hew65000123
003 DLC
005 20260227111514.0
008 740118s1965 xx 000 0 eng
010 _ahew65000123
035 _a(OCoLC)778731
040 _aDLC
_cOClU
_dISS
_dOCoLC
_dDLC
042 _apremarc
050 0 0 _aL111
_b.A614 no. 47
051 _aLB2825
_b.H295
082 _a379.73
086 0 _aFS 5.222:22022
100 1 _aHarrison, Forrest William,
_d1923-
245 1 0 _aProfiles in school support;
_ba decennial overview,
_cby Forrest W. Harrison [and] Eugene P. McLoone.
260 _a[Washington]
_bU.S. Dept. of Health, Education, and Welfare, Office of Education; [for sale by the Superintendent of Documents, U.S. Govt. Print. Off.,
_c1965]
300 _avi, 162 p.
_billus., maps.
_c20cm.
490 0 _aU. S. Ofice of Education. Miscellany,
_vno. 47
500 _a"OE-22022."
500 _a"A publication of the Bureau of Educational Research and Development."
500 _aPresents data for the 1959-60 school year.
501 _aL111.A614 with: State education, structure and organization / Robert F. Will. Washington : U.S. Dept. of Health, Education, and Welfare, Office of Education, 1964. Bound together subsequent to publication.
_5DLC
650 0 _aEducation
_zUnited States
_xFinance
700 1 _aMcLoone, Eugene Peter,
_d1929-
_ejoint author
999 _c34563
_d34563